00341nam a2200145Ia 45000030006000000080041000060400015000471000018000622450029000802500006001092600043001153000006001585460014001640050017001780STCL150530s9999 xx 000 0 und d aSTCLcSTCL aBhaskaran, P. aPuzha Pinneyum Ozhukunnu a2 bCurrent Book; Thrissurc1958aThrissur a0 aMalayalam20220125170709.0